[Event "23. Erfurter Schachfestival 2013 / Meis"]
[Site "Erfurt"]
[Date "2013.12.27"]
[Round "3.8"]
[White "Engelmann, Jakob"]
[Black "Kasparov, Sergey"]
[Result "0-1"]
[WhiteElo "2182"]
[BlackElo "2487"]
[PlyCount "50"]
[EventDate "2013.12.26"]
[EventRounds "8"]
[EventCountry "GER"]

1. c4 c6 2. g3 d5 3. Bg2 Nf6 4. Nf3 Bg4 5. Ne5 Be6 6. cxd5 Bxd5 7. Nf3 c5 8.
Nc3 Bc6 9. O-O e6 10. d3 Be7 11. e4 O-O 12. Qe2 b5 13. a4 b4 14. Nb1 Bb7 15.
Nbd2 Nc6 16. Nc4 Nd7 17. Be3 Nb6 18. Nxb6 axb6 19. h4 Ba6 20. Rfd1 Ra7 21. Qc2
Rd7 22. Bf1 Bf6 23. Bg5 h6 24. Bxf6 Qxf6 25. Kg2 Qxf3+ 0-1

[Event "23. Erfurter Schachfestival 2013 / Meis"]
[Site "Erfurt"]
[Date "2013.12.27"]
[Round "3.9"]
[White "Jaracz, Pawel"]
[Black "Scheiblauer, Heinrich"]
[Result "1-0"]
[WhiteElo "2503"]
[BlackElo "2177"]
[PlyCount "71"]
[EventDate "2013.12.26"]
[EventRounds "8"]
[EventCountry "GER"]

1. e4 c5 2. Nf3 d6 3. Bc4 e6 4. O-O Nf6 5. Re1 Be7 6. c3 O-O 7. Bf1 b6 8. d4
Bb7 9. Bd3 Ba6 10. Bc2 cxd4 11. cxd4 Nc6 12. Nc3 e5 13. h3 Rc8 14. Be3 g6 15.
Rc1 Re8 16. Ba4 Nd7 17. Nb5 exd4 18. Nfxd4 Nce5 19. Rxc8 Qxc8 20. Nxa7 Qb7 21.
Nab5 Rc8 22. Bc2 Nc4 23. Bc1 Bf8 24. a4 d5 25. b3 Nd6 26. e5 Ne4 27. Bb2 Ndc5
28. f3 Ng5 29. h4 Nge6 30. b4 Bxb5 31. Nxb5 Nd7 32. Nd6 Bxd6 33. exd6 Rc4 34.
Qd2 Rxh4 35. Rxe6 fxe6 36. Qg5 1-0

[Event "23. Erfurter Schachfestival 2013 / Meis"]
[Site "Erfurt"]
[Date "2013.12.27"]
[Round "3.10"]
[White "Meister, Jakob"]
[Black "Wunsch, Axel"]
[Result "1-0"]
[WhiteElo "2492"]
[BlackElo "2141"]
[PlyCount "85"]
[EventDate "2013.12.26"]
[EventRounds "8"]
[EventCountry "GER"]

1. Nf3 c5 2. e4 e6 3. c3 Nf6 4. d3 d5 5. Nbd2 Nc6 6. Be2 Be7 7. a3 O-O 8. O-O
b5 9. b4 cxb4 10. cxb4 a5 11. bxa5 Rxa5 12. e5 Nd7 13. d4 b4 14. Nb3 Ra7 15. a4
Ba6 16. Re1 Nb6 17. Qc2 Bxe2 18. Rxe2 Nc4 19. Nfd2 N6a5 20. Nxa5 Nxa5 21. Re3
Rc7 22. Qb1 Rc3 23. Nf3 Qc7 24. Rxc3 bxc3 25. Qc2 Rb8 26. h3 Rb3 27. Ra2 Qc4
28. Be3 Ba3 29. Ng5 g6 30. Qd1 Qb4 31. Qf3 Qe7 32. Qf4 Nc6 33. Qh4 h5 34. g4
Bc1 35. Bxc1 Rb1 36. gxh5 Nxd4 37. Kg2 Rxc1 38. a5 c2 39. Qf4 {Diagramm #} Rb1
40. Rxc2 Nxc2 41. h6 Nd4 {Diagramm #} 42. h7+ Kg7 {Diagramm #} (42... Kh8 43.
Nxf7+ Kxh7 44. Qh6+ Kg8 45. Qxg6+ Kf8 46. Qxb1 Kxf7 47. Qh7+ Ke8 48. Qxe7+ Kxe7
) 43. h8=Q+ 1-0

[Event "23. Erfurter Schachfestival 2013 / Meis"]
[Site "Erfurt"]
[Date "2013.12.28"]
[Round "4.1"]
[White "Seger, Ruediger"]
[Black "Abel, Dennes"]
[Result "1/2-1/2"]
[WhiteElo "2374"]
[BlackElo "2423"]
[PlyCount "29"]
[EventDate "2013.12.26"]
[EventRounds "8"]
[EventCountry "GER"]

1. e4 c6 2. d4 d5 3. Nc3 dxe4 4. Nxe4 Bf5 5. Ng3 Bg6 6. h4 h6 7. Nf3 Nd7 8. h5
Bh7 9. Bd3 Bxd3 10. Qxd3 e6 11. Bd2 Ngf6 12. O-O-O Be7 13. Kb1 c5 14. Qe2 Qb6
15. Bc1 1/2-1/2

[Event "23. Erfurter Schachfestival 2013 / Meis"]
[Site "Erfurt"]
[Date "2013.12.28"]
[Round "4.2"]
[White "Klein, Felix"]
[Black "Smerdon, David"]
[Result "1-0"]
[WhiteElo "2263"]
[BlackElo "2523"]
[PlyCount "110"]
[EventDate "2013.12.26"]
[EventRounds "8"]
[EventCountry "GER"]

1. e4 e6 2. d4 d5 3. Nc3 Nf6 4. e5 Nfd7 5. f4 c5 6. Nf3 Nc6 7. Be3 cxd4 8. Nxd4
Bc5 9. Qd2 O-O 10. O-O-O a6 11. Qf2 Nxd4 12. Bxd4 b6 13. Kb1 Bb7 14. h4 Rc8 15.
h5 f6 16. exf6 Qxf6 17. g3 b5 18. Bh3 Bxd4 19. Qxd4 Rc4 20. Qxf6 Rxf6 21. Rhe1
Nc5 22. Bf1 {Diagramm #} Rxc3 23. bxc3 Ne4 24. Re3 e5 25. Bg2 exf4 26. gxf4
Rxf4 27. Bxe4 dxe4 28. Rd8+ Rf8 29. Rxf8+ Kxf8 30. Kc1 Bd5 31. a3 Kf7 32. Kd2
Kf6 33. Re1 g5 34. hxg6 hxg6 35. Ke3 Ke5 36. Rh1 g5 37. Rh6 Be6 38. Rh7 g4 39.
Ra7 Bc8 40. Rc7 Be6 41. Rc5+ Bd5 42. c4 bxc4 43. Ra5 g3 44. Rxa6 Kf5 45. Ra5
Ke5 46. Rb5 c3 47. Rb1 Bc6 48. Rg1 Ba4 49. Rxg3 Bxc2 50. Rg5+ Kd6 51. Kd4 Bd1
52. Rd5+ Kc6 53. Rc5+ Kb6 54. Rxc3 Kb5 55. Rc7 Bf3 1-0

[Event "23. Erfurter Schachfestival 2013 / Meis"]
[Site "Erfurt"]
[Date "2013.12.28"]
[Round "4.3"]
[White "Kasparov, Sergey"]
[Black "Sobolevsky, Leonid"]
[Result "1-0"]
[WhiteElo "2487"]
[BlackElo "2238"]
[PlyCount "83"]
[EventDate "2013.12.26"]
[EventRounds "8"]
[EventCountry "GER"]

1. Nf3 Nf6 2. c4 e6 3. Nc3 d5 4. cxd5 exd5 5. d4 Bb4 6. Qa4+ Nc6 7. Bg5 h6 8.
Bxf6 Qxf6 9. e3 O-O 10. Be2 a6 11. a3 Bxc3+ 12. bxc3 b5 13. Qb3 Qd6 14. O-O Bd7
15. Qc2 f5 16. a4 bxa4 17. Rxa4 a5 18. Rfa1 f4 19. e4 dxe4 20. Qxe4 Rfe8 21.
Bc4+ Be6 22. Qd3 Rad8 23. Bb5 Bd5 24. Bxc6 Qxc6 25. Ne5 Qb7 26. Rxa5 Bxg2 27.
Rb5 Qe4 28. Qxe4 Bxe4 29. f3 Bd5 30. Rc5 Rxe5 31. dxe5 Bxf3 32. Rf1 Rd3 33.
Rxc7 Re3 34. Kf2 Bg4 35. Re1 Rf3+ 36. Kg1 Be6 37. Re7 Bh3 38. e6 Rxc3 39. Re8+
Kh7 40. e7 Rc2 41. Rh8+ Kxh8 42. e8=Q+ 1-0

[Event "23. Erfurter Schachfestival 2013 / Meis"]
[Site "Erfurt"]
[Date "2013.12.28"]
[Round "4.4"]
[White "Ackermann, Hans Werner"]
[Black "Jaracz, Pawel"]
[Result "1/2-1/2"]
[WhiteElo "2280"]
[BlackElo "2503"]
[PlyCount "46"]
[EventDate "2013.12.26"]
[EventRounds "8"]
[EventCountry "GER"]

1. b3 d5 2. Bb2 c5 3. e3 Nc6 4. Bb5 Qb6 5. a4 Nf6 6. h3 a6 7. a5 Qc7 8. Bxc6+
Qxc6 9. Nf3 g6 10. d3 Bg7 11. Nbd2 O-O 12. O-O Bf5 13. Re1 Rfd8 14. Be5 Bf8 15.
Qe2 Be6 16. Ng5 Bh6 17. Nxe6 Qxe6 18. Bb2 Rd7 19. Nf3 Rad8 20. Ra4 Rc7 21. Be5
Rc6 22. Ba1 Rc7 23. Be5 Rc6 1/2-1/2

[Event "23. Erfurter Schachfestival 2013 / Meis"]
[Site "Erfurt"]
[Date "2013.12.28"]
[Round "4.5"]
[White "Schneider, Ilja"]
[Black "Schoene, Maria"]
[Result "1/2-1/2"]
[WhiteElo "2511"]
[BlackElo "2223"]
[PlyCount "119"]
[EventDate "2013.12.26"]
[EventRounds "8"]
[EventCountry "GER"]

1. d4 Nf6 2. Bg5 Ne4 3. Bf4 c5 4. f3 Qa5+ 5. c3 Nf6 6. Nd2 cxd4 7. Nb3 Qd8 8.
cxd4 d5 9. e3 e6 10. Rc1 Bb4+ 11. Kf2 O-O 12. a3 Be7 13. Bc7 Qe8 14. Bd3 b6 15.
Ne2 Ba6 16. g4 Qd7 17. Bg3 Ne8 18. Bxa6 Nxa6 19. Qd3 Qb7 20. Qb5 Nd6 21. Bxd6
Bxd6 22. Na5 Qe7 23. Qxa6 bxa5 24. Qxa5 f5 25. h3 Rf7 26. Rcf1 Raf8 27. Kg2 h5
28. f4 g5 29. gxh5 gxf4 30. exf4 Qh4 31. Qa6 Rg7+ 32. Kh2 Kh7 33. Rhg1 Rxg1 34.
Kxg1 Rg8+ 35. Kh2 Qg5 36. Rg1 Bxf4+ 37. Kh1 Qh4 38. Nxf4 Rxg1+ 39. Kxg1 Qxf4
40. Qxe6 Qxd4+ 41. Kf1 Qd1+ 42. Kf2 Qxh5 43. Qxd5 Qxh3 44. Qf7+ Kh8 45. Qxa7
Qh2+ 46. Kf3 Qxb2 47. a4 Qc3+ 48. Kf4 Qc4+ 49. Kxf5 Qd5+ 50. Kf4 Qd6+ 51. Ke4
Qe6+ 52. Kd4 Qf6+ 53. Kc4 Qf1+ 54. Kb4 Qe1+ 55. Kb5 Qe2+ 56. Kb6 Qe3+ 57. Ka6
Qd3+ 58. Kb7 Qe4+ 59. Kb8 Qe8+ 60. Kb7 1/2-1/2

[Event "23. Erfurter Schachfestival 2013 / Meis"]
[Site "Erfurt"]
[Date "2013.12.28"]
[Round "4.6"]
[White "Hundack, Rolf"]
[Black "Meister, Jakob"]
[Result "1-0"]
[WhiteElo "2243"]
[BlackElo "2492"]
[PlyCount "125"]
[EventDate "2013.12.26"]
[EventRounds "8"]
[EventCountry "GER"]

1. c4 e5 2. g3 Nf6 3. Bg2 c6 4. d4 d6 5. e4 Be7 6. Ne2 h5 7. h4 Bg4 8. f3 Be6
9. d5 Bd7 10. Be3 b5 11. dxc6 Bxc6 12. cxb5 Bxb5 13. Nbc3 Bc6 14. O-O Nbd7 15.
b4 Nb6 16. b5 Bb7 17. a4 O-O 18. a5 Nbd7 19. a6 Bc8 20. Na4 Qc7 21. Qc1 Nc5 22.
Nxc5 dxc5 23. Nc3 Be6 24. Rd1 Rfd8 25. Qc2 Rab8 26. Qf2 Rd4 27. Bxd4 exd4 28.
Ne2 Bd6 29. Rac1 Qe7 30. Rb1 Bc7 31. Kh1 Bd7 32. Bf1 Qe5 33. Nf4 Bb6 34. Bc4
Ne8 35. Nd3 Qe7 36. e5 Nc7 37. Qa2 Bf5 38. Re1 Ne6 39. Rb2 g5 40. hxg5 Qxg5 41.
Rh2 Kf8 42. g4 Bxd3 43. Bxd3 h4 44. Bf5 Ke7 45. Qd5 Rd8 46. Qb7+ Rd7 47. Qe4
Qf4 48. Qxf4 Nxf4 49. Bxd7 Kxd7 50. Rxh4 c4 51. Rh6 Ne6 52. f4 d3 53. f5 d2 54.
fxe6+ fxe6 55. Rf1 c3 56. Rh3 Ba5 57. b6 c2 58. Rd3+ Kc6 59. bxa7 c1=Q 60.
a8=Q+ Kb5 61. Qb7+ Bb6 62. Rb3+ Ka4 63. Rb1 1-0

[Event "23. Erfurter Schachfestival 2013 / Meis"]
[Site "Erfurt"]
[Date "2013.12.28"]
[Round "4.7"]
[White "Richter, Michael"]
[Black "Tonndorf, Matthias"]
[Result "1-0"]
[WhiteElo "2461"]
[BlackElo "2219"]
[PlyCount "55"]
[EventDate "2013.12.26"]
[EventRounds "8"]
[EventCountry "GER"]

1. d4 Nf6 2. c4 e6 3. Nc3 Bb4 4. e3 b6 5. Bd3 Bb7 6. Nf3 Ne4 7. Qc2 f5 8. O-O
Nxc3 9. bxc3 Bxf3 10. gxf3 Bd6 11. f4 Qh4 12. f3 Nc6 13. Qf2 Qh5 14. Kh1 h6 15.
e4 O-O 16. Be3 fxe4 17. fxe4 e5 18. f5 Rae8 19. Rae1 Be7 20. Rg1 g5 21. Rg2 Bf6
22. d5 Nd8 23. Be2 Qf7 24. h4 Kg7 25. hxg5 hxg5 26. Bxg5 Rh8+ 27. Bh6+ Kh7 28.
Rh2 1-0

[Event "23. Erfurter Schachfestival 2013 / Meis"]
[Site "Erfurt"]
[Date "2013.12.28"]
[Round "4.8"]
[White "Lubbe, Nikolas"]
[Black "Ruehrmund, Daniel"]
[Result "1-0"]
[WhiteElo "2426"]
[BlackElo "2120"]
[PlyCount "137"]
[EventDate "2013.12.26"]
[EventRounds "8"]
[EventCountry "GER"]

1. e4 c5 2. Nf3 e6 3. c4 b6 4. d4 cxd4 5. Nxd4 Bb7 6. Nc3 a6 7. Be3 d6 8. Be2
Nf6 9. f3 Qc7 10. O-O Nbd7 11. Rc1 Be7 12. b4 Rc8 13. Nb3 O-O 14. a3 Qb8 15.
Qd4 Bd8 16. g3 Bc7 17. f4 Qa8 18. Nd2 Rfd8 19. Qd3 Nf8 20. Bd4 N8d7 21. Qf3 Re8
22. Bd3 Bc6 23. Rce1 e5 24. Bf2 Rb8 25. a4 a5 26. b5 Bb7 27. f5 Kf8 28. g4 h6
29. h4 Nh7 30. Be3 f6 31. Kf2 Ke7 32. Rh1 Rh8 33. Ke2 Rbg8 34. Rh3 Qe8 35. Nf1
Kd8 36. Ng3 Kc8 37. Reh1 Bd8 38. Nf1 Kb8 39. Bd2 Qf7 40. Ne3 Nc5 41. Bc2 Nf8
42. Ned5 Nh7 43. Be3 Bxd5 44. Nxd5 Nd7 45. Rd1 Re8 46. Kd2 Kb7 47. Kc3 Qf8 48.
Rh2 Be7 49. Rhd2 Bd8 50. Qf2 Nc5 51. Qg1 Rg8 52. Bxc5 dxc5 53. Ne3 Bc7 54. Nd5
Rc8 55. Rd3 Qf7 56. R1d2 Rgd8 57. Bd1 Qf8 58. Bf3 Qe8 59. Qd1 Kb8 60. Kc2 Kb7
61. g5 hxg5 62. Bh5 Qf8 63. Bg6 Qg8 64. Bxh7 Qxh7 65. Nxc7 Rxd3 66. Rxd3 Rxc7
67. Rd8 Ka7 68. Qd6 g6 69. Qf8 1-0

[Event "23. Erfurter Schachfestival 2013 / Meis"]
[Site "Erfurt"]
[Date "2013.12.28"]
[Round "4.9"]
[White "Zuther, Torsten"]
[Black "Zwahr, Paul"]
[Result "1/2-1/2"]
[WhiteElo "2140"]
[BlackElo "2374"]
[PlyCount "65"]
[EventDate "2013.12.26"]
[EventRounds "8"]
[EventCountry "GER"]

1. e4 c5 2. Nf3 d6 3. Bb5+ Bd7 4. Bxd7+ Qxd7 5. c4 Nf6 6. Nc3 g6 7. d4 cxd4 8.
Nxd4 Bg7 9. f3 O-O 10. O-O Rc8 11. b3 d5 12. exd5 Nxd5 13. Nxd5 e6 14. Bh6 exd5
15. Bxg7 Kxg7 16. Nb5 a6 17. Qd4+ Kg8 18. Nc3 Nc6 19. Qxd5 Qxd5 20. Nxd5 Rd8
21. Rad1 a5 22. Nb6 Rab8 23. Rd5 Nb4 24. Rxa5 Rd2 25. Re1 Rbd8 26. h3 Nd3 27.
Re4 f5 28. Re7 Nf4 29. Nd5 Nxg2 30. Rxb7 Nh4 31. Nf6+ Kf8 32. Nxh7+ Kg8 33.
Nf6+ 1/2-1/2

[Event "23. Erfurter Schachfestival 2013 / Meis"]
[Site "Erfurt"]
[Date "2013.12.28"]
[Round "4.10"]
[White "Hovsepyan, Vardan"]
[Black "Wichmann, Cliff"]
[Result "0-1"]
[WhiteElo "2026"]
[BlackElo "2361"]
[PlyCount "116"]
[EventDate "2013.12.26"]
[EventRounds "8"]
[EventCountry "GER"]

1. e4 e6 2. d4 d5 3. Nc3 Nf6 4. Bg5 dxe4 5. Nxe4 Nbd7 6. Nf3 h6 7. Nxf6+ Nxf6
8. Bh4 c5 9. Be2 Be7 10. O-O O-O 11. c3 Qc7 12. Bg3 Bd6 13. Bxd6 Qxd6 14. Qb3
b6 15. Qa3 Bb7 16. dxc5 Qxc5 17. Qxc5 bxc5 18. Rad1 Rfd8 19. Rxd8+ Rxd8 20. Rd1
Rxd1+ 21. Bxd1 Nd7 22. Kf1 Kf8 23. Ke2 Ke7 24. Ke3 Kd6 25. g3 Nb6 26. Nd2 f5
27. Bb3 Bd5 28. Kd3 Bxb3 29. axb3 e5 30. Nc4+ Kd5 31. Na3 e4+ 32. Ke3 Ke5 33.
Nc2 a5 34. f3 c4 35. Nd4 a4 36. b4 Nd5+ 37. Ke2 Nxb4 38. f4+ Kd5 39. Nxf5 Nd3
40. Ne3+ Kc5 41. Kd2 Nxb2 42. Kc2 a3 43. Kb1 Na4 44. Nd1 e3 45. Nxe3 Nxc3+ 46.
Ka1 Nb5 47. Ka2 Kd4 48. Nf5+ Ke4 49. Nxg7 c3 50. Ne6 Kd5 51. f5 Ke5 52. Kb3
Kxf5 53. Nc5 Kg4 54. Ne4 Kf3 55. Nf6 Ke2 56. Nd5 a2 57. Kxa2 c2 58. Kb2 Kd2 0-1

[Event "23. Erfurter Schachfestival 2013 / Meis"]
[Site "Erfurt"]
[Date "2013.12.28"]
[Round "5.1"]
[White "Kasparov, Sergey"]
[Black "Seger, Ruediger"]
[Result "1/2-1/2"]
[WhiteElo "2487"]
[BlackElo "2374"]
[PlyCount "80"]
[EventDate "2013.12.26"]
[EventRounds "8"]
[EventCountry "GER"]

1. e4 c6 2. d4 d5 3. Nc3 dxe4 4. Nxe4 Bf5 5. Ng3 Bg6 6. N1e2 e6 7. Nf4 Bd6 8.
Nxg6 hxg6 9. Ne4 Nf6 10. Ng5 Na6 11. c3 Nc7 12. g3 O-O 13. Bg2 Ncd5 14. O-O e5
15. dxe5 Bxe5 16. Bd2 Qc7 17. Qc2 Rad8 18. Rad1 Rfe8 19. a3 Nh7 20. Nxh7 Kxh7
21. Bg5 Bf6 22. Bc1 Kg8 23. Qb3 Nb6 24. Bf4 Qe7 25. Be3 Nc8 26. Bh3 a6 27. Rfe1
g5 28. Rxd8 Rxd8 29. Rd1 Qc7 30. Rxd8+ Bxd8 31. Bc5 b6 32. Be3 b5 33. Qd1 Nd6
34. Bg2 Nc4 35. Bc1 Bf6 36. Bf1 Ne5 37. Be3 g6 38. Be2 Qe7 39. Bd4 Kg7 40. Bxe5
Bxe5 1/2-1/2

[Event "23. Erfurter Schachfestival 2013 / Meis"]
[Site "Erfurt"]
[Date "2013.12.28"]
[Round "5.2"]
[White "Wichmann, Cliff"]
[Black "Richter, Michael"]
[Result "0-1"]
[WhiteElo "2361"]
[BlackElo "2461"]
[PlyCount "80"]
[EventDate "2013.12.26"]
[EventRounds "8"]
[EventCountry "GER"]

1. d4 d5 2. Nf3 e6 3. g3 b5 4. Bg2 Nf6 5. Ne5 c5 6. O-O Nbd7 7. c4 bxc4 8. Qa4
cxd4 9. Nxc4 Rb8 10. Na5 Ba6 11. Nc6 Bb5 12. Qxb5 Rxb5 13. Nxd8 Kxd8 14. Nd2
Bd6 15. Rd1 e5 16. Bf1 Rb6 17. Kg2 Ke7 18. f4 Ng4 19. Nf3 f6 20. b3 Rc6 21. h3
Nh6 22. fxe5 fxe5 23. Bg5+ Ke6 24. Bxh6 gxh6 25. Rac1 Rxc1 26. Rxc1 Bc5 27. g4
e4 28. Nh4 h5 29. Nf5 hxg4 30. hxg4 Ke5 31. Kg3 h5 32. Bh3 hxg4 33. Bxg4 Rg8
34. Kh4 Nf6 35. Nh6 Rh8 36. Kg5 Rxh6 37. Kxh6 Nxg4+ 38. Kg5 d3 39. Kxg4 d2 40.
Rf1 e3 0-1

[Event "23. Erfurter Schachfestival 2013 / Meis"]
[Site "Erfurt"]
[Date "2013.12.28"]
[Round "5.3"]
[White "Abel, Dennes"]
[Black "Klein, Felix"]
[Result "1/2-1/2"]
[WhiteElo "2423"]
[BlackElo "2263"]
[PlyCount "31"]
[EventDate "2013.12.26"]
[EventRounds "8"]
[EventCountry "GER"]

1. d4 d5 2. c4 e6 3. Nc3 c6 4. e4 dxe4 5. Nxe4 Bb4+ 6. Nc3 c5 7. a3 Ba5 8. Nf3
Nf6 9. Be3 Ne4 10. Qc2 Nxc3 11. bxc3 Nc6 12. O-O-O cxd4 13. Nxd4 Bd7 14. Nb5
O-O 15. Bd3 Qe7 16. f4 1/2-1/2

[Event "23. Erfurter Schachfestival 2013 / Meis"]
[Site "Erfurt"]
[Date "2013.12.28"]
[Round "5.4"]
[White "Hundack, Rolf"]
[Black "Lubbe, Nikolas"]
[Result "0-1"]
[WhiteElo "2243"]
[BlackElo "2426"]
[PlyCount "102"]
[EventDate "2013.12.26"]
[EventRounds "8"]
[EventCountry "GER"]

1. c4 Nf6 2. g3 e5 3. Bg2 Nc6 4. Nc3 Bc5 5. e3 d6 6. Nge2 a6 7. a3 O-O 8. d4
Ba7 9. h3 h6 10. O-O Bf5 11. d5 Ne7 12. e4 Bh7 13. Be3 Bxe3 14. fxe3 Nd7 15. g4
Qb8 16. Ng3 Qa7 17. Qe2 Ng6 18. Kh2 Nh4 19. Rf2 g5 20. Raf1 Bg6 21. Nb1 Qb6 22.
b4 a5 23. b5 Qc5 24. Qd3 a4 25. Nd2 Qa7 26. Nf3 Nc5 27. Qc2 Nb3 28. Qe2 Nxg2
29. Kxg2 Qc5 30. Nf5 Bxf5 31. gxf5 f6 32. Nh2 Kf7 33. Qh5+ Ke7 34. Ng4 Qxc4 35.
Nxh6 Qxe4+ 36. Kg1 Qxd5 37. Rd1 Qxb5 38. Rc2 Qd7 39. Qg6 Kd8 40. Ng4 Qf7 41.
Nh6 Qe7 42. Qh5 Kc8 43. Qe2 Nc5 44. Ng4 e4 45. Qb5 Ra6 46. Nf2 Qe5 47. Ng4 Qxf5
48. Rf2 Qd7 49. Qc4 f5 50. Ne5 Qe8 51. Rd5 Ne6 0-1

[Event "23. Erfurter Schachfestival 2013 / Meis"]
[Site "Erfurt"]
[Date "2013.12.28"]
[Round "5.5"]
[White "Jaracz, Pawel"]
[Black "Weeks, Manuel"]
[Result "1/2-1/2"]
[WhiteElo "2503"]
[BlackElo "2181"]
[PlyCount "65"]
[EventDate "2013.12.26"]
[EventRounds "8"]
[EventCountry "GER"]

1. c4 e6 2. Nf3 Nf6 3. g3 d5 4. Bg2 Be7 5. d4 O-O 6. Qc2 c6 7. O-O Nbd7 8. Nbd2
b6 9. e4 Bb7 10. e5 Ne8 11. cxd5 cxd5 12. Re1 Rc8 13. Qa4 Bc6 14. Qd1 Bb5 15.
Bf1 Bxf1 16. Nxf1 Nc7 17. Bf4 b5 18. h4 Re8 19. Qd3 Nf8 20. Bg5 a6 21. Ne3 Qd7
22. Nd2 Na8 23. Nb3 Nb6 24. Bxe7 Qxe7 25. Nc5 Qa7 26. a4 Nxa4 27. Nxa4 bxa4 28.
Rxa4 Rc6 29. Rea1 Qb7 30. Rxa6 Rxa6 31. Rxa6 Qxb2 32. Ra7 Rb8 33. Qc2 1/2-1/2

[Event "23. Erfurter Schachfestival 2013 / Meis"]
[Site "Erfurt"]
[Date "2013.12.28"]
[Round "5.6"]
[White "Schumacher, Gottfried"]
[Black "Schneider, Ilja"]
[Result "1/2-1/2"]
[WhiteElo "2178"]
[BlackElo "2511"]
[PlyCount "107"]
[EventDate "2013.12.26"]
[EventRounds "8"]
[EventCountry "GER"]

1. d4 Nf6 2. Nf3 d5 3. c4 c6 4. e3 Bf5 5. Nc3 e6 6. Be2 Nbd7 7. Nh4 Be4 8. O-O
Bd6 9. g3 O-O 10. f4 c5 11. b3 cxd4 12. exd4 Bb4 13. Nxe4 Nxe4 14. Bb2 Qa5 15.
a3 Bc3 16. b4 Qc7 17. Qc2 Bxb2 18. Qxb2 dxc4 19. Qc2 Ndf6 20. Rac1 Rad8 21.
Bxc4 Rxd4 22. Nf3 Rd7 23. Kg2 Rfd8 24. Bb5 Qxc2+ 25. Rxc2 Rd5 26. Bc4 R5d6 27.
Rfc1 Ng4 28. Re2 Nd2 29. h3 Nxf3 30. Kxf3 Nf6 31. Rec2 Rc6 32. g4 Rdc8 33. f5
Nd7 34. Ke4 exf5+ 35. gxf5 Kf8 36. a4 Ke7 37. a5 f6 38. Kd5 Ne5 39. Bb3 Nd3 40.
Re2+ Kf8 41. Rxc6 Nxb4+ 42. Kd6 Nxc6 43. Be6 Rd8+ 44. Kc7 Re8 45. Ra2 Re7+ 46.
Kd6 a6 47. Rc2 g6 48. Rc5 gxf5 49. Bxf5 Re5 50. Bxh7 Kg7 51. Bf5 Nxa5 52. Bc8
Rxc5 53. Kxc5 Kg6 54. Kb6 1/2-1/2

[Event "23. Erfurter Schachfestival 2013 / Meis"]
[Site "Erfurt"]
[Date "2013.12.28"]
[Round "5.7"]
[White "Zwahr, Paul"]
[Black "Ackermann, Hans Werner"]
[Result "1-0"]
[WhiteElo "2374"]
[BlackElo "2280"]
[PlyCount "123"]
[EventDate "2013.12.26"]
[EventRounds "8"]
[EventCountry "GER"]

1. e4 c5 2. Nf3 a6 3. c3 e6 4. d4 d5 5. e5 Bd7 6. Bd3 cxd4 7. cxd4 Bb5 8. Bc2
Bb4+ 9. Bd2 Bxd2+ 10. Qxd2 Ne7 11. Nc3 Bc6 12. O-O Nd7 13. Rfe1 h6 14. Ne2 Qb6
15. Nf4 g6 16. Rab1 a5 17. a4 Nb8 18. b3 Na6 19. Rbc1 Qb4 20. Qe3 Qb6 21. Ne2
Bd7 22. Qf4 Nb4 23. Bb1 Nbc6 24. Nc3 Na7 25. Nd2 Qd8 26. Re3 Ng8 27. Rce1 Qg5
28. Qf3 Bc6 29. Qe2 Qd8 30. Rf3 h5 31. Qe3 Nh6 32. Nf1 Qe7 33. Ng3 O-O-O 34.
Qd2 Qb4 35. Rc1 Kb8 36. Nge2 Rc8 37. Qb2 Rc7 38. Na2 Qb6 39. Rfc3 Rhc8 40. Qa3
Nf5 41. Bxf5 gxf5 42. Qd6 Rg8 43. h3 h4 44. R1c2 Nc8 45. Qa3 f6 46. exf6 Rf7
47. b4 Rxf6 48. bxa5 Qxa5 49. Nb4 Bd7 50. Nd3 Rd8 51. Ne5 Nb6 52. Kh2 Nc4 53.
Qe7 Nxe5 54. dxe5 Rff8 55. Nd4 Qb6 56. Rd3 Rfe8 57. Qa3 Rc8 58. a5 Qa6 59. Rb2
Rc4 60. Rb6 Qa7 61. Qd6+ Kc8 62. a6 1-0

[Event "23. Erfurter Schachfestival 2013 / Meis"]
[Site "Erfurt"]
[Date "2013.12.28"]
[Round "5.8"]
[White "Schoene, Maria"]
[Black "Brueggemann, Joachim"]
[Result "1-0"]
[WhiteElo "2223"]
[BlackElo "2329"]
[PlyCount "133"]
[EventDate "2013.12.26"]
[EventRounds "8"]
[EventCountry "GER"]

1. e4 g6 2. d4 Bg7 3. Nc3 d6 4. Be3 c6 5. f4 b5 6. Bd3 Nd7 7. a3 a6 8. Nf3 c5
9. e5 Bb7 10. O-O c4 11. Be4 Bxe4 12. Nxe4 d5 13. Nc5 Nh6 14. h3 Nf5 15. Bf2
Nxc5 16. dxc5 e6 17. b4 Qd7 18. c3 Ne7 19. a4 O-O 20. Qc2 Nc6 21. Ra2 f6 22.
Rfa1 Rac8 23. axb5 axb5 24. Qe2 fxe5 25. Nxe5 Bxe5 26. fxe5 Qg7 27. Bg3 h5 28.
Ra6 Qh6 29. Rb6 Qg5 30. Qe1 Rc7 31. Raa6 Rfc8 32. Bh4 Qf5 33. Rxb5 d4 34. cxd4
Nxd4 35. Rbb6 Rf7 36. Bf6 c3 37. Rd6 Qf4 38. Qf2 c2 39. Qxf4 Ne2+ 40. Kf2 Nxf4
41. Ra1 Nd5 42. Rc1 Nxb4 43. Rd4 Nd5 44. Rxc2 Nxf6 45. exf6 Rxf6+ 46. Ke3 Rf7
47. Rd6 Rf5 48. c6 Kf7 49. Rd7+ Kf6 50. Ke4 Ra5 51. c7 Ra4+ 52. Kd3 h4 53. Rc6
Ra7 54. Kc4 Ra5 55. Rd8 Raa8 56. Rxc8 Rxc8 57. Kc5 Kf5 58. Kb6 g5 59. Kb7 Re8
60. c8=Q Rxc8 61. Rxc8 e5 62. Rf8+ Ke4 63. Kc6 Kd4 64. Rd8+ Ke3 65. Kd5 Kf2 66.
Kxe5 Kxg2 67. Rd3 1-0

[Event "23. Erfurter Schachfestival 2013 / Meis"]
[Site "Erfurt"]
[Date "2013.12.28"]
[Round "5.9"]
[White "Smerdon, David"]
[Black "Zuther, Torsten"]
[Result "1-0"]
[WhiteElo "2523"]
[BlackElo "2140"]
[PlyCount "67"]
[EventDate "2013.12.26"]
[EventRounds "8"]
[EventCountry "GER"]

1. e4 e6 2. d4 d5 3. e5 c5 4. c3 Nc6 5. Nf3 Bd7 6. Bd3 cxd4 7. cxd4 Qb6 8. O-O
Nxd4 9. Nbd2 Ne7 10. Nxd4 Qxd4 11. Nf3 Qa4 12. b3 Qa5 13. Bd2 Qd8 14. Re1 Nc6
15. a3 Be7 16. b4 Rc8 17. h4 Qb6 18. Rc1 h6 19. Be3 Qd8 20. Bb1 Bxh4 21. b5 Na5
22. Rxc8 Bxc8 23. Qa4 d4 24. b6+ Qd7 25. Qxd4 Qxd4 26. Bxd4 Bxf2+ 27. Kxf2 axb6
28. Bxb6 Nc6 29. Be4 O-O 30. Rc1 f6 31. exf6 Rxf6 32. Bd4 Rf8 33. Bxc6 bxc6 34.
Rxc6 1-0

[Event "23. Erfurter Schachfestival 2013 / Meis"]
[Site "Erfurt"]
[Date "2013.12.28"]
[Round "5.10"]
[White "Meister, Jakob"]
[Black "Urban, Lars"]
[Result "1-0"]
[WhiteElo "2492"]
[BlackElo "2116"]
[PlyCount "109"]
[EventDate "2013.12.26"]
[EventRounds "8"]
[EventCountry "GER"]

1. e4 e6 2. d4 d5 3. Bd3 c5 4. c3 Nc6 5. Ne2 dxe4 6. Bxe4 Nf6 7. Bf3 cxd4 8.
cxd4 Be7 9. Nbc3 O-O 10. O-O a6 11. Be3 Bd7 12. a3 Rc8 13. Re1 b5 14. Qd3 Nb8
15. Nf4 Bc6 16. d5 exd5 17. Rad1 Nbd7 18. Bd4 Bc5 19. Nfxd5 Nxd5 20. Nxd5 Bxd5
21. Bxd5 Bxd4 22. Qxd4 Nf6 23. Bb7 Qxd4 24. Rxd4 Rb8 25. Re7 Rfd8 26. Rxd8+
Rxd8 27. Kf1 Rd6 28. Rc7 Kf8 29. Ke2 a5 30. Rc5 Rb6 31. Bc6 b4 32. a4 Ke7 33.
Bf3 Ra6 34. Rc7+ Ke6 35. Bb7 Rd6 36. Bc8+ Kd5 37. b3 Kd4 38. Rc4+ Kd5 39. Bb7+
Ke5 40. Rc5+ Kd4 41. Rxa5 Kc3 42. Rc5+ Kxb3 43. a5 Nd7 44. Rc8 Ka3 45. a6 Nb6
46. a7 b3 47. a8=Q+ Nxa8 48. Rxa8+ Kb4 49. Be4 b2 50. Bb1 Kb3 51. Re8 g6 52.
Re3+ Kb4 53. Bc2 Re6 54. Rxe6 fxe6 55. Kd3 1-0

[Event "23. Erfurter Schachfestival 2013 / Meis"]
[Site "Erfurt"]
[Date "2013.12.29"]
[Round "6.1"]
[White "Richter, Michael"]
[Black "Lubbe, Nikolas"]
[Result "1-0"]
[WhiteElo "2461"]
[BlackElo "2426"]
[PlyCount "89"]
[EventDate "2013.12.26"]
[EventRounds "8"]
[EventCountry "GER"]

1. d4 Nf6 2. Nf3 e6 3. e3 b6 4. Bd3 Bb7 5. O-O Be7 6. c4 O-O 7. Nc3 c5 8. d5
exd5 9. cxd5 d6 10. e4 Na6 11. Re1 Nc7 12. h3 Rb8 13. a3 b5 14. b4 c4 15. Bc2
Nd7 16. Bf4 Bf6 17. Qd2 Ne5 18. Nxe5 Bxe5 19. Bxe5 dxe5 20. a4 a6 21. axb5 axb5
22. Ra5 Bc8 23. d6 Qd7 24. f4 Na6 25. Rb1 Re8 26. Kh1 {(RA)} Re6 27. fxe5 Rxe5
28. Bd1 h5 29. Qd4 f6 30. Be2 Kh8 31. Ra2 Bb7 32. Rd2 Rbe8 33. Bf3 Nb8 34. Qf2
g6 35. Ne2 Kg7 36. Rf1 Nc6 37. Bxh5 {Diagramm #} Rxh5 38. Qxf6+ Kh6 39. Ng3 Qe6
40. Nxh5 Kxh5 41. Qg7 Qxe4 42. Qxb7 c3 43. Rdf2 Kh6 44. d7 Rd8 45. Rf6 1-0